Music Quiz

Random Music or Song Quiz

The Joshua Tree Songs Quiz Stats

Quiz Updated Mar 9, 2018

Also try: U2 Studio Albums
Challenge
Share
Tweet
Embed
Score 0/11 Timer 02:00
0 Plays Today
Track number Song % Correct
1Where The Streets Have No Name
84.4%
3With or Without You
84.1%
2I Still Haven't Found What I'm Looking For
66.8%
4Bullet the Blue Sky
56.8%
6Red Hill Mining Town
45.7%
9One Tree Hill
45.3%
7In God's Country
40.9%
5Running to Stand Still
38.8%
11Mothers of the Disappeared
37.7%
10Exit
35.2%
8Trip Through Your Wires
30.5%

You're not logged in!

Compare scores with friends on all Sporcle quizzes.
Sign Up with Email
OR
Log In

You Might Also Like...

Show Comments

Extras

Top Quizzes Today


Score Distribution

Your Account Isn't Verified!

In order to create a playlist on Sporcle, you need to verify the email address you used during registration. Go to your Sporcle Settings to finish the process.

Report this User

Report this user for behavior that violates our Community Guidelines.

Details: